Estadísticas para Países más Exportadores del Mundo

Haz click aquí para tomar la prueba!

Estadísticas generales

  • Esta prueba ha sido tomada 1.493 veces
  • La puntuación promedio es 17 de 21

Estadísticas de respuestas

ExportacionesPaís% Correcto
$1,598Estados Unidos
100%
$3,169China
100%
$283España
97%
$509Francia
97%
$1,292Alemania
96%
$624Japón
96%
$454Italia
95%
$381México
95%
$264India
94%
$338Rusia
94%
$442Reino Unido
92%
$490Canadá
91%
$535Corea del Sur
85%
$343Arabia Saudita
74%
$488Países Bajos
72%
$398Bélgica
68%
$290Suiza
67%
$280Taiwán
67%
$211Tailandia
64%
$324Emiratos Árabes Unidos
52%
$347Singapur
50%

Distribución de puntuación

Porcentaje por número respondido

Porcentaje de gente con cada puntuación

Historial de tus puntuaciones

No has tomado esta prueba